| 000 | 00655nam a2200193 i 4500 | ||
|---|---|---|---|
| 001 | 150839 | ||
| 003 | ES-MaACL | ||
| 005 | 20230911063142.0 | ||
| 007 | t| | ||
| 008 | 071114s1941 sp ||||1| spa d | ||
| 100 | 1 |
_aBullón y Fernández, Eloy, _cMarqués de Selva Alegre, _d1879-1957 _932523 |
|
| 245 | 1 | 0 |
_aReformas urgentes en la enseñanza de la geografía / _cpor Eloy Bullón. |
| 260 |
_a[S.l. : _bs.n., _c1941?] |
||
| 300 |
_ap. 661-678 ; _c24 cm. |
||
| 500 | _aSeparata de: Estudios Geográficos, año II, nº 5. | ||
| 650 | 0 | 4 |
_aGeografía- _xDidáctica. _913072 |
| 852 |
_aES-MaACL _j1902-F-17 _bR.28960 |
||
| 999 |
_c150839 _d150839 |
||